000
00319nam a2200133Ia 4500
008
231129s1980||||xx |||||||||||||| ||spa||
040
_b
spa
082
_a
070.44 G216cu
100
_a
Garcia Marquez Gabriel
245
0
_a
Cuando era feliz e indocumentado
260
_c
1980
264
_a
Oveja Negra
942
_2
ddc
_c
BKS
999
_c
8375
_d
8375